| 000 | 00755nam a22002297a 4500 | ||
|---|---|---|---|
| 005 | 20240325090804.0 | ||
| 008 | 240325b |||||||| |||| 00| 0 eng d | ||
| 015 | _aGB66-193 | ||
| 035 | _a(OCoLC)2071654 | ||
| 040 |
_aDLC _cKMU _dKMU _dDLC |
||
| 042 | _apremarc | ||
| 050 | 0 | 0 | _aS544 Sav |
| 100 | 1 | _aSavile, A. H. | |
| 245 | 1 | 0 |
_aExtension in rural communities; _ba manual for agricultural and home extension workers _c[by] A. H. Savile. |
| 260 |
_aLondon, _aNew York : _bOxford University Press, _c1965. |
||
| 300 |
_axii, 148 p. _billus. _c21 cm. |
||
| 440 | 0 | _aOxford tropical handbooks | |
| 504 | _aBibliography: p. [142]-143. | ||
| 650 | 0 | _aAgricultural extension work. | |
| 906 |
_a7 _bcbc _coclcrpl _du _encip _f19 _gy-gencatlg |
||
| 942 |
_2lcc _cBK _n0 |
||
| 999 |
_c1059 _d1059 |
||